000 00613cam a2200169ua 4500
020 _c0.75
041 _aeng
_h
082 _a954.6
_bMIN/LA
110 1 _aMinistry of I & B .
_b
_c()
245 _aLadakh
260 _aIndia :
_bMinistry of I&B, Govt. of India ,
_c1965.
300 _a23 ; .
365 _a0.75
504 _a
942 _cBK
999 _c12814
_d12814